| 000 | 01735nam a2200349 i 4500 | ||
|---|---|---|---|
| 003 | EG-ScBUE | ||
| 005 | 20231029112904.0 | ||
| 008 | 150826s2008 ua f b 000 0aara d | ||
| 017 | _a2008 / 3661 (مج. 1) | ||
| 017 | _a2008 / 1696 (مج. 2) | ||
| 020 | _a9771805495 (مج. 1) | ||
| 020 | _a9771805436 (مج. 2) | ||
| 040 |
_aEG-ScBUE _bara _erda _cEG-ScBUE _dEG-ScBUE |
||
| 082 | 0 | 4 |
_a921.8 _bا ل س _222 |
| 100 | 1 |
_aالسيد، أحمد لطفي، _d1872-1963، _eمؤلف. _914889 |
|
| 245 | 1 | 0 |
_aتراث أحمد لطفي السيد / _cتقديم د. محمد صابر عرب ؛ دراسة عبد المنعم محمد سعيد، عبد الرحمن أبو عوف. |
| 264 | 1 |
_aالقاهرة : _bدار الكتب والوثائق القومية، _c2008. |
|
| 300 |
_a2 مجلد ؛ _c24 سم |
||
| 336 |
_2rdacontent _aنص _btxt |
||
| 337 |
_2rdamedia _aبدون وسيط _bn |
||
| 338 |
_2rdacarrier _aمجلد _bnc |
||
| 504 | _aيشتمل على إرجاعات ببليوجرافية. | ||
| 505 | 0 | _aالمجلد الأول. المنتخبات - صفحات مطوية من تاريخ الحركة الاستقلالية في مصر -- المجلد الثاني قصة حياتي - مبادئ في السياسة والأدب والاجتماع - تأملات في الفلسفة والأدب والسياسة والاجتماع. | |
| 600 | 1 | 7 |
_aالسيد، أحمد لطفي، _d1872-1963 _vيوميات. _2BUEsh |
| 651 | _2BUEsh | ||
| 653 |
_bGGEN _cDecember2017 |
||
| 655 | _vReading book | ||
| 700 | 1 |
_aعرب، محمد صابر، _eمقدم. _913774 |
|
| 700 | 1 |
_aسعيد، عبد المنعم محمد، _eمحرر. |
|
| 700 | 1 |
_aأبو عوف، عبد الرحمن، _eمحرر. _917494 |
|
| 942 |
_cBB _2ddc |
||
| 999 |
_c8166 _d8166 |
||